[Event "ITA-ch U20"]
[Site "Bratto"]
[Date "2006.08.20"]
[Round "2"]
[White "Manconi, Antonio"]
[Black "Dvirnyy, Danyyil"]
[Result "0-1"]
[WhiteElo "2023"]
[BlackElo "2280"]
[PlyCount "58"]
[EventDate "2006.08.19"]
[EventType "swiss"]
[EventRounds "9"]
[EventCountry "ITA"]
[SourceTitle "CBM 113 Extra"]
[Source "ChessBase"]
[SourceDate "2006.09.14"]
[SourceVersion "1"]
[SourceVersionDate "2006.09.14"]
[SourceQuality "1"]

1. e4 c5 2. Nf3 Nc6 3. d4 cxd4 4. Nxd4 Nf6 5. Nc3 d6 6. Bc4 Bd7 7. Bg5 Qa5 8. Bxf6 gxf6 9. 0-0 Qc5 10. Ndb5 Rc8 11. Qd5 Ne5 12. Be2 a6 13. Qxc5 Rxc5 14. Nd4 e6 15. Rfd1 Ke7 16. a4 Bh6 17. g3 Rhc8 18. f4 Nc4 19. b4 R5c7 20. Kf2 Bg7 21. b5 Nb2 22. Rdb1 Rxc3 23. Rxb2 f5 24. e5 dxe5 25. bxa6 bxa6 26. Bxa6 exf4 27. Nxf5+ exf5 28. Bxc8 Rxc8 29. gxf4 Bxb2 0-1

[Event "ITA-ch U20"]
[Site "Bratto"]
[Date "2005.08.26"]
[Round "7"]
[White "Rombaldoni, Axel"]
[Black "Manconi, Antonio"]
[Result "0-1"]
[WhiteElo "2137"]
[BlackElo "1988"]
[PlyCount "88"]
[EventDate "2005.08.20"]
[EventType "swiss"]
[EventRounds "9"]
[EventCountry "ITA"]
[SourceTitle "EXT 2006"]
[Source "ChessBase"]
[SourceDate "2005.11.24"]
[SourceVersion "1"]
[SourceVersionDate "2005.11.24"]
[SourceQuality "1"]

1. e4 c5 2. Nf3 Nc6 3. d4 cxd4 4. Nxd4 Nf6 5. Nc3 e5 6. Ndb5 d6 7. Nd5 Nxd5 8. exd5 Nb8 9. c4 Be7 10. Be2 a6 11. Nc3 0-0 12. 0-0 f5 13. f3 Nd7 14. Be3 Bg5 15. Bf2 Qf6 16. b4 Qh6 17. c5 dxc5 18. bxc5 Nxc5 19. Bxc5 Be3+ 20. Bxe3 Qxe3+ 21. Kh1 Qxc3 22. Rc1 Qb4 23. Bc4 Qd6 24. Bb3 Bd7 25. Rc6 Qb4 26. Rc7 Rad8 27. Re1 Kh8 28. Qa1 Rfe8 29. Rxe5 Rxe5 30. Qxe5 Re8 31. Qxe8+ Bxe8 32. g3 Qb6 33. Rc8 Qb5 34. Kg2 Qd7 35. Rb8 h6 36. h4 Kh7 37. d6 Qb5 38. Rd8 Qe2+ 39. Kh3 Qf1+ 40. Kh2 Qf2+ 41. Kh3 Bb5 42. Bg8+ Kg6 43. h5+ Kxh5 44. Bf7+ Kg5 0-1

[Event "ITA-ch U20"]
[Site "Bratto"]
[Date "2005.08.21"]
[Round "2"]
[White "Manconi, Antonio"]
[Black "Napoli, Nicolo"]
[Result "1-0"]
[WhiteElo "1988"]
[BlackElo "2225"]
[PlyCount "85"]
[EventDate "2005.08.20"]
[EventType "swiss"]
[EventRounds "9"]
[EventCountry "ITA"]
[SourceTitle "EXT 2006"]
[Source "ChessBase"]
[SourceDate "2005.11.24"]
[SourceVersion "1"]
[SourceVersionDate "2005.11.24"]
[SourceQuality "1"]

1. e4 c6 2. d4 d5 3. Nc3 dxe4 4. Nxe4 Nf6 5. Nxf6+ exf6 6. c3 Bd6 7. Bd3 0-0 8. Qc2 Re8+ 9. Ne2 h6 10. Be3 Nd7 11. 0-0-0 Qa5 12. Kb1 c5 13. Bf4 Bf8 14. Rhe1 cxd4 15. Nxd4 Ne5 16. Be4 Bd7 17. Nf5 Ba4 18. b3 Nc4 19. Bc1 Re6 20. bxa4 Ba3 21. Ka1 Rae8 22. f3 b5 23. Nd4 f5 24. Nxe6 fxe4 25. Rd8 Rxd8 26. Nxd8 Qxd8 27. Rxe4 Bxc1 28. Qxc1 a6 29. axb5 axb5 30. Rxc4 bxc4 31. Qc2 Qb6 32. a4 Qg1+ 33. Kb2 Qxh2 34. a5 Qb8+ 35. Ka3 Qd6+ 36. Ka4 Qc5 37. Qe4 f5 38. Qe6+ Kh7 39. a6 h5 40. Qe8 Kh6 41. Qb5 Qf2 42. Qxc4 Qxg2 43. a7 1-0

[Event "Cattolica op"]
[Site "Cattolica"]
[Date "2005.06.15"]
[Round "5"]
[White "Manconi, Antonio"]
[Black "De Rosa, Mariagrazia"]
[Result "0-1"]
[WhiteElo "1972"]
[BlackElo "2081"]
[PlyCount "72"]
[EventDate "2005.06.11"]
[EventType "swiss"]
[EventRounds "9"]
[EventCountry "ITA"]
[SourceTitle "EXT 2007"]
[Source "ChessBase"]
[SourceDate "2006.11.23"]
[SourceVersion "1"]
[SourceVersionDate "2006.11.23"]
[SourceQuality "1"]

1. e4 c5 2. Nf3 d6 3. d4 cxd4 4. Nxd4 Nf6 5. Nc3 a6 6. Bc4 e6 7. Bb3 Nbd7 8. f4 Nc5 9. Qf3 Be7 10. Be3 0-0 11. 0-0 Qc7 12. g4 b5 13. g5 Nfxe4 14. Nxe4 Bb7 15. Nxc5 Bxf3 16. Ncxe6 Qb7 17. Rxf3 fxe6 18. Raf1 d5 19. Nxe6 Rf5 20. Nd4 Rf7 21. f5 Bc5 22. f6 Re8 23. Nf5 Bxe3+ 24. Nxe3 Qb6 25. Bxd5 Rxe3 26. Kh1 Rxf3 27. Rxf3 g6 28. Rc3 h5 29. gxh6 Qxf6 30. Bxf7+ Qxf7 31. Kg2 Kh7 32. a3 Kxh6 33. Kg3 Qa2 34. Rb3 Qb1 35. c3 Qd3+ 36. Kg4 Qc4+ 0-1